| 000 | 00780cam a22002773a 4500 | ||
|---|---|---|---|
| 001 | 24771 | ||
| 003 | PGUSA | ||
| 005 | 20140828083531.0 | ||
| 008 | 080307s2008||||xxu|||||s|||||000 1 eng d | ||
| 040 |
_aPGUSA _beng |
||
| 042 | _adc | ||
| 050 | 4 | _aPS | |
| 100 | 1 |
_aLewis, W. S. _q(Wilmarth Sheldon), _d1895-1979 |
|
| 245 | 1 | 0 |
_aTutors' Lane _h[electronic resource] / _cW. S. Lewis |
| 260 |
_bProject Gutenberg, _c2008 |
||
| 506 | _aPublic domain in the USA. | ||
| 516 | _aElectronic text | ||
| 653 | _aLove stories | ||
| 653 | _aCollege teachers -- Fiction | ||
| 653 | _aSocial workers -- Fiction | ||
| 653 | _aNew England -- Fiction | ||
| 740 | 0 | _aTutor's Lane | |
| 830 | 0 |
_aProject Gutenberg _v24771 |
|
| 856 | 4 | 0 | _uhttp://www.gutenberg.org/ebooks/24771 |
| 942 | _cEB | ||
| 999 |
_c254026 _d254026 |
||